000 00538nam a2200181Ia 4500
008 090123s9999 xx 000 0 und d
082 _b15800
_a891.463/पाध्ये
100 _aपाध्ये भाऊ
245 _aजेस बर्डस
250 _a1
260 _bडिंपल प्रकाशन
_c1982
300 _a195
600 _aपाध्ये भाऊ
630 _aजेस बर्डस
700 _aपाध्ये भाऊ
730 _aजेस बर्डस
942 _cBOOK
999 _c53857
_d53857